| 000 | 00922nam a2200217Ia 4500 | ||
|---|---|---|---|
| 003 | Ost | ||
| 005 | 20260507075114.0 | ||
| 008 | 260507s9999||||xx |||||||||||||| ||und|| | ||
| 040 | _cfsecg | ||
| 041 | _aara | ||
| 082 | _a330 | ||
| 100 |
_aرحال، عاطف _eمؤلف |
||
| 245 | 0 |
_aتاريخ بلاد الشام الاقتصادي في العصر الأموي / _c عاطف رحال |
|
| 260 |
_aبيروت: _bبيسان للنشر والتوزيع, _c2000 |
||
| 300 |
_a352 صفحة؛ _bإيضاحات ؛ _c24 سم |
||
| 504 | _aببليوغرافيا:ص.333-350 | ||
| 520 | _aالأحوال الاقتصادية في الشام قبل العصر الأموي؛الأحوال الزراعية في العصر الأموي،الأحوال التجارية،الأحوال الصناعية،النظم المالية | ||
| 653 | _aالتاريخ الاقتصادي | ||
| 653 | _aالشام | ||
| 942 | _cكتاب | ||
| 999 |
_c42984 _d42984 |
||